La república o el estado
Salvato in:
| Autore principale: | |
|---|---|
| Natura: | Libro |
| Lingua: | spagnolo |
| Pubblicazione: |
Madrid
Espasa-Calpe
1992
|
| Edizione: | 30a. ed |
| Serie: | Colección Austral, 296
|
| Soggetti: | |
| Tags: |
Aggiungi Tag
Nessun Tag, puoi essere il primo ad aggiungerne!!
|
MARC
| LEADER | 00000nam a2200000 a 4500 | ||
|---|---|---|---|
| 001 | UCO6760 | ||
| 003 | CL-VaPUC | ||
| 008 | 001027e19920000SP |||||||||||||||||spa|d | ||
| 082 | 0 | 4 | |a 184 |b PLA |2 21 |
| 100 | 0 | |a Platón |e author |9 222 | |
| 245 | 1 | 3 | |a La república o el estado |
| 250 | |a 30a. ed | ||
| 300 | |a 442 p | ||
| 942 | |c BK | ||
| 945 | |d 20001027 00:00:00 |a lriquelm | ||
| 260 | |a Madrid |b Espasa-Calpe |c 1992 | ||
| 650 | 0 | |a Filosofía antigua |9 255705 | |
| 650 | 0 | |a Ciencias Políticas |9 255201 | |
| 583 | |a last modification |c 20150625 11:05:36 |k Rodrigo Vera | ||
| 490 | 0 | |a Colección Austral, 296 | |
| 999 | |c 292177 |d 292175 | ||